| 000 | 00657nam a2200181 i 4500 | ||
|---|---|---|---|
| 001 | 79293 | ||
| 003 | ES-MaACL | ||
| 005 | 20230906173940.0 | ||
| 007 | t| | ||
| 008 | 041020q1957 sp ||||1| spa d | ||
| 245 | 0 | 4 |
_aLas hermandades del trabajo / _c[prólogo de D. Abundio García Román]. |
| 260 |
_aMadrid : _bEuramérica, _c[1957?] ( _fIbarra) |
||
| 300 |
_a210 p., 13 lám. ; _c18 cm. |
||
| 500 | _aPrecede al tít.: Secretariado de Publicaciones de las Hermandades del Trabajo. | ||
| 700 | 1 |
_aGarcía Román, Abundio. _955212 |
|
| 710 | 2 |
_aSecretariado de Publicaciones de las Hermandades del Trabajo. _96525 |
|
| 852 |
_aES-MaACL _jC-13954 _bR.41612 |
||
| 999 |
_c79293 _d79293 |
||